Spon's architects' and builders' price book 2017 (Record no. 115829)

MARC details
000 -LEADER
fixed length control field 01069cam a22002775a 4500
001 - CONTROL NUMBER
control field L159353
008 - FIXED-LENGTH DATA ELEMENTS--GENERAL INFORMATION
fixed length control field 161013S2016 xxk 000 0 eng d
020 ## - INTERNATIONAL STANDARD BOOK NUMBER
International Standard Book Number 9781498786119
035 ## - SYSTEM CONTROL NUMBER
System control number (Sirsi) u159353
041 0# - LANGUAGE CODE
Language code of text/sound track or separate title eng
050 ## - LIBRARY OF CONGRESS CALL NUMBER
Classification number 692.5 $2 18
245 00 - TITLE STATEMENT
Title Spon's architects' and builders' price book 2017
250 ## - EDITION STATEMENT
Edition statement 142nd ed.
260 3# - PUBLICATION, DISTRIBUTION, ETC.
Place of publication, distribution, etc. Abingdon
Name of publisher, distributor, etc. CRC Press
-- Taylor and Francis
Date of publication, distribution, etc. 2017
520 ## - SUMMARY, ETC.
Summary, etc. Provides construction price information for the UK. Suits a wide range of project sizes and sets out a detailed cost base for contracts exceeding £3,500,00 in value. Updated two or three times a year. Includes two new cost models for a stand-alone private patient ward within a larger hospital complex, and an extra care home
520 ## - SUMMARY, ETC.
Summary, etc. Supersedes 141th edition (ISBN 0891498734967)
521 ## - TARGET AUDIENCE NOTE
Target audience note Advanced
590 ## - LOCAL NOTE (RLIN)
Local note KA
651 #4 - SUBJECT ADDED ENTRY--GEOGRAPHIC NAME
Geographic name United Kingdom
Chronological subdivision
690 ## - LOCAL SUBJECT ADDED ENTRY--TOPICAL TERM (OCLC, RLIN)
Topical term or geographic name as entry element Building materials and defects
690 ## - LOCAL SUBJECT ADDED ENTRY--TOPICAL TERM (OCLC, RLIN)
Topical term or geographic name as entry element Cost management
9 (RLIN) 6233
690 ## - LOCAL SUBJECT ADDED ENTRY--TOPICAL TERM (OCLC, RLIN)
Topical term or geographic name as entry element Construction management
9 (RLIN) 6230
710 ## - ADDED ENTRY--CORPORATE NAME
Corporate name or jurisdiction name as entry element AECOM
Relator term Editor
942 ## - ADDED ENTRY ELEMENTS (KOHA)
Suppress in OPAC 0
Holdings
Withdrawn status Lost status Source of classification or shelving scheme Damaged status Not for loan Home library Current library Shelving location Date acquired Total Checkouts Full call number Barcode Date last seen Copy number Price effective from Koha item type
    Dewey Decimal Classification     Archives Archives Basement 13/10/2016   692.5 SPO 30079056 06/08/2019 1 06/08/2019 Book